Statistics for Countries with Embassies and Consulates in Karachi

Click here to take the quiz!

General Stats

  • This quiz has been taken 26 times
  • The average score is 22 of 24

Answer Stats

ContinentCountry% Correct
AsiaChina
100%
Asia/ EuropeTurkey
100%
AsiaAfghanistan
96%
AsiaBangladesh
96%
EuropeFrance
96%
EuropeGermany
96%
AsiaIran
96%
AsiaJapan
96%
Asia/ EuropeRussia
96%
AsiaSaudi Arabia
96%
EuropeUnited Kingdom
96%
North AmericaUnited States of America
96%
AsiaBahrain
92%
AsiaIndonesia
92%
EuropeItaly
92%
AsiaUnited Arab Emirates
92%
AsiaKuwait
88%
AsiaOman
88%
AsiaQatar
88%
AsiaMalaysia
83%
AsiaSouth Korea
83%
AsiaThailand
79%
AsiaSri Lanka
71%
AsiaNorth Korea
50%

Score Distribution

Percentile by Number Answered

Percent of People with Each Score

Your Score History

You have not taken this quiz